Statistics for Name the Country by City #2

Click here to take the quiz!

General Stats

  • This quiz has been taken 1,643 times
  • The average score is 15 of 20

Answer Stats

CityCountry% Correct
St. PetersburgRussia
96%
WinnipegCanada
95%
RotterdamNetherlands
95%
TehranIran
94%
DubaiUnited Arab Emirates
94%
CancunMexico
89%
DarwinAustralia
87%
PortoPortugal
86%
LimerickIreland
85%
PhuketThailand
85%
ValettaMalta
77%
MalmoSweden
76%
DakarSenegal
74%
RecifeBrazil
67%
AbujaNigeria
64%
BenghaziLibya
62%
BusanSouth Korea
61%
CórdobaArgentina
57%
ArhusDenmark
51%
DenpasarIndonesia
45%

Score Distribution

Percentile by Number Answered

Percent of People with Each Score

Your Score History

You have not taken this quiz